[Event "TCh-NED 2008-9"]
[Site "Netherlands NED"]
[Date "2009.05.10"]
[Round "9"]
[White "Solleveld,Maa"]
[Black "Nikolic,Pr"]
[Result "0-1"]
[WhiteElo "2479"]
[BlackElo "2669"]

1.e4 e6 2.d4 d5 3.Nc3 Bb4 4.e5 c5 5.a3 Bxc3+ 6.bxc3 Qa5 7.Bd2 Qa4 8.Qb1 c4
9.Nh3 Nc6 10.Nf4 Bd7 11.Nh5 g6 12.Nf4 O-O-O 13.g3 f6 14.exf6 Nxf6 15.Bg2 e5
16.dxe5 Nxe5 17.O-O Bf5 18.Ra2 Ne4 19.Qc1 g5 20.Ne2 g4 21.Nd4 Bg6 22.Bf4 Nc6
23.Nxc6 Qxc6 24.Be5 Rhf8 25.Qe3 b6 26.f3 gxf3 27.Rxf3 Rxf3 28.Bxf3 Re8 29.Qf4 Kb7
30.Ra1 Re7 31.Bg4 Rf7 32.Qe3 Nf2 33.Bf3 Nh3+ 34.Kg2 Rxf3  0-1

[Event "Intomart GfK Open"]
[Site "Hilversum NED"]
[Date "2009.06.27"]
[Round "1"]
[White "Nikolic,Pr"]
[Black "De Graaf,D"]
[Result "1-0"]
[WhiteElo "2618"]
[BlackElo "2184"]

1.d4 d5 2.c4 c6 3.Nc3 Nf6 4.Nf3 e6 5.e3 Be7 6.Bd3 Nbd7 7.O-O b6 8.e4 dxe4
9.Nxe4 Bb7 10.Qe2 h6 11.Ng3 Qc7 12.Re1 O-O-O 13.Bd2 Bf8 14.b4 g5 15.Bc3 Rg8
16.a4 h5 17.a5 h4 18.Nf1 c5 19.axb6 axb6 20.dxc5 bxc5 21.b5 Bd6 22.Ra7 g4
23.Nxh4 Ne5 24.g3 Nxd3 25.Qxd3 Be5 26.Qc2 Bd4 27.Ba5 Qd6 28.Bxd8 Rxd8 29.Qa2 Qb8
30.b6 Rd6 31.Qa5 Kd8 32.Ne3 Ke7 33.Nef5+ Kd7 34.Nxd4 Rxd4 35.Qxc5 Rd6  1-0

[Event "Intomart GfK Open"]
[Site "Hilversum NED"]
[Date "2009.06.28"]
[Round "2"]
[White "Bitalzadeh,A"]
[Black "Nikolic,Pr"]
[Result "0-1"]
[WhiteElo "2417"]
[BlackElo "2618"]

1.d4 f5 2.Nc3 Nf6 3.Bg5 e6 4.e4 fxe4 5.Nxe4 Be7 6.Bxf6 Bxf6 7.Qh5+ g6 8.Qh6 Qe7
9.Nxf6+ Qxf6 10.Nf3 Nc6 11.O-O-O d6 12.Bb5 Bd7 13.d5 exd5 14.Rhe1+ Kd8 15.Ng5 Kc8
16.Rd3 Qxf2 17.Rde3 d4 18.R3e2 Qf5 19.Bd3 Qf4+ 20.Kb1 Ne5 21.Rxe5 dxe5 22.Rf1 Qe3
23.a3 Re8 24.Rf8 c6 25.Rxe8+ Bxe8 26.Qf8 Qxg5 27.Qxe8+ Qd8 28.Qxe5 a5 29.Be4 a4
30.Bf3 h5 31.Be4 Ra5 32.Qe6+ Kc7 33.Qxg6 Re5 34.Bf3 h4 35.Qd3 Re1+ 36.Ka2 Qg8+
37.b3 axb3+ 38.cxb3 Re3 39.Qc2 h3  0-1

[Event "Intomart GfK Open"]
[Site "Hilversum NED"]
[Date "2009.06.29"]
[Round "3"]
[White "Nikolic,Pr"]
[Black "Giri,A"]
[Result "1/2-1/2"]
[WhiteElo "2618"]
[BlackElo "2517"]

1.d4 d5 2.c4 c6 3.Nf3 Nf6 4.Nc3 e6 5.e3 a6 6.Bd2 c5 7.cxd5 exd5 8.dxc5 Bxc5
9.Rc1 Nc6 10.Na4 Bd6 11.Bc3 O-O 12.Be2 Ne4 13.O-O b5 14.Be1 Ne5 15.Nc3 Nxf3+
16.Bxf3 Be6 17.Ne2 Ng5 18.Nd4 Nxf3+ 19.Qxf3 Qd7 20.Qe2 Rfc8 21.Bd2 Rxc1 22.Rxc1 Rc8
23.Rxc8+ Qxc8 24.b3 Be5 25.Nxe6 Qxe6 26.Qd3 g6 27.h3 Qc6 28.Kf1 h5 29.Ke2 Qc5
30.Kd1 Kg7 31.Qc2 Qxc2+ 32.Kxc2 Bd6 33.Bc3+ Kf8 34.a4 Ke7 35.axb5 axb5 36.Kd3 Ke6
37.Ba5 Be5 38.Bb4 Bg7 39.Bc5 Be5 40.Bd4 Bd6 41.f3 f5 42.Bc3  1/2-1/2

[Event "Intomart GfK Open"]
[Site "Hilversum NED"]
[Date "2009.07.03"]
[Round "7"]
[White "Nikolic,Pr"]
[Black "Hendriks,W"]
[Result "1-0"]
[WhiteElo "2618"]
[BlackElo "2447"]

1.d4 Nf6 2.Nf3 d6 3.g3 g6 4.Bg2 Bg7 5.c4 O-O 6.Nc3 Nbd7 7.O-O e5 8.e4 c6
9.b3 a6 10.h3 b5 11.Be3 b4 12.Na4 Nxe4 13.Nxe5 dxe5 14.Bxe4 exd4 15.Bxd4 Ne5
16.Bg2 Bf5 17.Bc5 a5 18.Qxd8 Rfxd8 19.Rad1 h5 20.Bb6 Rxd1 21.Rxd1 Nxc4 22.bxc4 Bc2
23.Bxc6 Bxd1 24.Bxa8 Bxa4 25.Bxa5 b3 26.axb3 Bxb3 27.Bd5 Bd4 28.Bb4 Kg7 29.Be7 f6
30.h4 Kh6 31.Kf1 g5 32.Ke2 Kg6 33.Bd6 Kf5 34.f3 Ba7 35.Be4+ Ke6 36.c5 Bc4+
37.Kf2 f5 38.Bb7 g4 39.Ke3 Bd5 40.Bxd5+  1-0

[Event "Intomart GfK Open"]
[Site "Hilversum NED"]
[Date "2009.07.04"]
[Round "8"]
[White "L'Ami,E"]
[Black "Nikolic,Pr"]
[Result "1/2-1/2"]
[WhiteElo "2598"]
[BlackElo "2618"]

1.d4 d5 2.c4 dxc4 3.Nf3 a6 4.e3 Nf6 5.Bxc4 e6 6.O-O c5 7.Bb3 Nc6 8.Nc3 Qc7
9.Qe2 Bd6 10.dxc5 Bxc5 11.e4 Ng4 12.g3 O-O 13.Bf4 e5 14.Bd2 Nf6 15.Nd5 Qd6
16.Kg2 Bg4 17.Qd3 Nxd5 18.Bxd5 Be6 19.Bc3 Rad8 20.Rad1 Bxd5 21.Qxd5 Qe7 22.Qc4 b5
23.Qb3 Bd4 24.Bxd4 Nxd4 25.Nxd4 Rxd4 26.Rxd4 exd4 27.Qd3 Qc5 28.Rd1 Rd8 29.Rd2 h5
30.h4 g6 31.Rc2 Qd6 32.a3 b4 33.axb4  1/2-1/2

[Event "Intomart GfK Open"]
[Site "Hilversum NED"]
[Date "2009.07.05"]
[Round "9"]
[White "Nikolic,Pr"]
[Black "Hopman,P"]
[Result "1-0"]
[WhiteElo "2618"]
[BlackElo "2325"]

1.d4 d6 2.g3 Nd7 3.c4 e5 4.Nc3 g6 5.Nf3 Bg7 6.Bg2 Ngf6 7.O-O O-O 8.e4 h6
9.Re1 Nh5 10.Be3 c6 11.Qd2 Kh7 12.Rad1 f5 13.exf5 gxf5 14.dxe5 dxe5 15.Nh4 Qe7
16.Qc2 Nb6 17.Ne4 Be6 18.Bc5  1-0

[Event "TCh-NED 2009-10"]
[Site "Netherlands NED"]
[Date "2009.10.31"]
[Round "2"]
[White "Nikolic,Pr"]
[Black "Wiersma,E"]
[Result "1/2-1/2"]
[WhiteElo "2602"]
[BlackElo "2411"]

1.Nf3 f5 2.e4 fxe4 3.Ng5 Nc6 4.d3 e3 5.Bxe3 e5 6.Be2 Be7 7.Nf3 Nf6 8.O-O O-O
9.d4 exd4 10.Nxd4 Nxd4 11.Bxd4 d5 12.c4 c5 13.Be5 d4 14.Nd2 Bf5 15.Bf3 Bd6
16.Re1 Rb8 17.Qa4 a6 18.a3 Ng4 19.Bg3 Bxg3 20.hxg3 d3 21.Rf1 Qg5 22.Rad1 Rbe8
23.Qa5 Qh5 24.Bxg4 Bxg4 25.f3 Qe5 26.fxg4 Qe3+ 27.Kh2 Qh6+ 28.Kg1 Qe3+  1/2-1/2

[Event "TCh-NED 2009-10"]
[Site "Netherlands NED"]
[Date "2009.11.21"]
[Round "3"]
[White "Willemze,J"]
[Black "Nikolic,Pr"]
[Result "0-1"]
[WhiteElo "2393"]
[BlackElo "2602"]

1.e4 e6 2.d4 d5 3.Nc3 Bb4 4.e5 c5 5.a3 Bxc3+ 6.bxc3 Qc7 7.Qg4 f6 8.Nf3 c4
9.Qg3 Nc6 10.Be2 Qf7 11.Nh4 fxe5 12.dxe5 Nge7 13.O-O Bd7 14.Rb1 O-O-O 15.f4 h6
16.Be3 Rdg8 17.Rb2 Kb8 18.a4 Ka8 19.a5 Qe8 20.Rfb1 Bc8 21.Qf2 g5 22.Nf3 gxf4
23.Bxf4 Rh7 24.Be3 Nf5 25.Bc5 Rhg7 26.Bf1 Qh5 27.Nd4 Nh4 28.g3 Nxd4 29.cxd4 Nf3+
30.Kh1 Rxg3 31.Be2 Rh3  0-1

[Event "Bundesliga 2009-10"]
[Site "Erfurt GER"]
[Date "2009.12.13"]
[Round "6"]
[White "Bromberger,S"]
[Black "Nikolic,Pr"]
[Result "1/2-1/2"]
[WhiteElo "2518"]
[BlackElo "2603"]

1.Nf3 d5 2.d4 Nf6 3.c4 dxc4 4.e3 e6 5.Bxc4 c5 6.O-O a6 7.Bb3 Nc6 8.Nc3 Qc7
9.Qe2 Bd6 10.dxc5 Bxc5 11.h3 O-O 12.Rd1 e5 13.Ng5 Bf5 14.Bd2 e4 15.Nd5 Nxd5
16.Bxd5 Qe7 17.Qh5 Bg6 18.Qg4 Kh8 19.Bc3 f5 20.Qh4 Rae8 21.Rac1 Bb6 22.Bxc6 bxc6
23.Qh6 Ba5 24.Bd4 Kg8 25.Qh4 h6 26.Bc5 Qf6 27.Rd6 Qxb2 28.Rxg6 Qxc1+ 29.Kh2 Bc7+
30.g3 Qf1 31.Qxh6 Qxf2+ 32.Kh1 Qe1+ 33.Kg2 Qe2+ 34.Kg1 Qe1+ 35.Kg2  1/2-1/2

[Event "Tch-SLO League"]
[Site "Rogaska Slatina SLO"]
[Date "2009.12.15"]
[Round "7"]
[White "Miladinovic,I"]
[Black "Nikolic,Pr"]
[Result "1/2-1/2"]
[WhiteElo "2553"]
[BlackElo "2603"]

1.d4 d5 2.Bf4 c5 3.e3 Nc6 4.c3 a6 5.Nf3 Bg4 6.Nbd2 e6 7.h3 Bh5 8.Be2 Nf6
9.Ne5 Bxe2 10.Qxe2 Be7 11.a3 O-O 12.O-O Rc8 13.Bg3 Nd7 14.Nd3  1/2-1/2

[Event "Tch-SLO League"]
[Site "Rogaska Slatina SLO"]
[Date "2009.12.16"]
[Round "9"]
[White "Beliavsky,A"]
[Black "Nikolic,Pr"]
[Result "1-0"]
[WhiteElo "2648"]
[BlackElo "2603"]

1.d4 d5 2.c4 dxc4 3.e4 e5 4.Nf3 exd4 5.Bxc4 Nc6 6.O-O Be6 7.Bxe6 fxe6 8.Qb3 Qd7
9.Qxb7 Rb8 10.Qa6 Nf6 11.Nbd2 Bd6 12.b3 O-O 13.Bb2 e5 14.Rac1 Ne7 15.Bxd4 exd4
16.e5 Nf5 17.Qc4+ Kh8 18.exd6 Qxd6 19.Qxc7 Qa6 20.Rc5 Rb7 21.Qf4 Ne7 22.Qxd4 Rd7
23.Qb2 Ng6 24.g3 Ng4 25.Rc4 Qe6 26.Re1 Qf5 27.Qc2 Qh5 28.Rc8 Rdd8 29.Rxd8 Rxd8
30.h4 h6 31.Qc7 Qd5 32.Qc4 Qh5 33.Qc7 Qd5 34.Re4  1-0

[Event "Bundesliga 2009-10"]
[Site "Remagen GER"]
[Date "2010.02.05"]
[Round "7"]
[White "Nikolic,Pr"]
[Black "Gharamian,T"]
[Result "1/2-1/2"]
[WhiteElo "2603"]
[BlackElo "2611"]

1.d4 Nf6 2.Nf3 e6 3.c4 c5 4.d5 d6 5.Nc3 exd5 6.cxd5 g6 7.g3 Bg7 8.Bg2 O-O
9.O-O Re8 10.Nd2 a6 11.a4 Nbd7 12.a5 b5 13.axb6 Nxb6 14.Nb3 Nc4 15.Ra4 Nb6
16.Ra2 Nc4 17.Qc2 Rb8 18.Nd2 Nxd2 19.Bxd2 Nd7 20.Rfa1 Nb6 21.Bf4 h6 22.h4 Nc4
23.b3 Ne5 24.Ra4 Rb4 25.R1a2 Qb6 26.Rxb4 Qxb4 27.Bd2 Qb6 28.Na4 Qb5 29.Nc3 Qb6
30.Na4 Qb5 31.Nc3  1/2-1/2

[Event "Bundesliga 2009-10"]
[Site "Remagen GER"]
[Date "2010.02.07"]
[Round "9"]
[White "Nikolic,Pr"]
[Black "Tiviakov,S"]
[Result "1/2-1/2"]
[WhiteElo "2603"]
[BlackElo "2670"]

1.d4 Nf6 2.c4 e6 3.Nf3 b6 4.g3 Bb7 5.Bg2 Be7 6.O-O O-O 7.Nc3 Ne4 8.Bd2 f5
9.Qc2 Bf6 10.Rad1 Nxc3 11.Bxc3 Be4 12.Qc1 d6 13.Ne1 Bxg2 14.Nxg2 Nd7 15.Qc2 Qe8
16.e4 fxe4 17.Qxe4 e5 18.Ne3 exd4 19.Qxe8 Raxe8 20.Bxd4 Re4 21.Bxf6 Nxf6
22.b3 Kf7 23.Kg2 Rfe8 24.Rd3 g6 25.h3 Ke7 26.Rc1 a5 27.Rc2 Kd7 28.a3 Kc6
29.Rcc3 R4e5 30.Rc2 Kb7 31.Ra2 Re4 32.Rc2  1/2-1/2

[Event "TCh-NED 2009-10"]
[Site "Netherlands NED"]
[Date "2010.02.13"]
[Round "5"]
[White "Schut,L"]
[Black "Nikolic,Pr"]
[Result "0-1"]
[WhiteElo "2221"]
[BlackElo "2602"]

1.e4 e6 2.b3 d5 3.Bb2 dxe4 4.Nc3 Nf6 5.Qe2 Nbd7 6.g4 Nc5 7.Bg2 Bd7 8.Nh3 Bc6
9.g5 Nd5 10.Nxe4 Nxe4 11.Bxe4 Qd6 12.O-O-O O-O-O 13.f4 h6 14.g6 f6 15.Rhf1 Kb8
16.Kb1 Qd7 17.Bxd5 Qxd5 18.Rfe1 Bd7 19.Nf2 Bd6 20.Nd3 Rde8 21.Qe4 Qh5 22.Qg2 Bb5
23.Qg3 Qf5 24.Rf1 Bc5 25.Rf3 Bc6 26.Rff1 Be4 27.Ne1 Qxg6 28.d3 Bf5 29.Nf3 Qxg3
30.hxg3 Bh3 31.Rfe1 Bf2 32.Re2 Bxg3 33.Rg1 Bxf4 34.Rxg7 e5 35.Bc1 Bxc1 36.Kxc1 h5
37.Rf2 f5 38.Nh4 e4 39.Nxf5 e3  0-1

[Event "Bundesliga 2009-10"]
[Site "Solingen GER"]
[Date "2010.02.27"]
[Round "10"]
[White "Najer,E"]
[Black "Nikolic,Pr"]
[Result "1/2-1/2"]
[WhiteElo "2681"]
[BlackElo "2603"]

1.e4 e5 2.Nf3 Nc6 3.Bb5 a6 4.Ba4 Nf6 5.O-O Be7 6.Re1 b5 7.Bb3 d6 8.c3 O-O
9.h3 Be6 10.Bxe6 fxe6 11.d4 h6 12.Nbd2 Qe8 13.a4 Qf7 14.dxe5 dxe5 15.Qb3 Nd7
16.axb5 Nc5 17.Qa2 axb5 18.Qxa8 Rxa8 19.Rxa8+ Kh7 20.b4 Na4 21.Re3 Bd6 22.Nb3 Nb6
23.Ra2 Qe8 24.Re1 Ne7 25.Be3 Nec8 26.Na5 Na4 27.Rc1 Qg6 28.Nd2 Qh5 29.Ndb3 Qg6
30.Nd2 Qe8 31.Kh2 c5 32.Nb7 c4 33.Nxd6 Nxd6 34.f3 Qc6 35.Nf1 Kg6 36.Ng3 Kf7
37.Nh1 Ne8 38.Nf2 Nf6 39.Rd2 Qc7 40.Nd1 Qe7 41.Ra1 Kg6 42.Nb2 Nxc3 43.Bc5 Qb7
44.Rc2 Ncxe4 45.fxe4 Qxe4 46.Rc3 Qf4+ 47.Rg3+ Kh7 48.Be3 Qf5 49.Nd1 e4 50.Ra7 Nh5
51.Rg4 Qe5+ 52.Kg1 c3 53.Nf2 c2 54.Rxe4 Qd5 55.Rg4 Qb3 56.Bc1 Qd5 57.Be3 Qe5
58.Re4 Qd5  1/2-1/2

[Event "Bundesliga 2009-10"]
[Site "Solingen GER"]
[Date "2010.02.28"]
[Round "11"]
[White "Nikolic,Pr"]
[Black "Giri,A"]
[Result "1/2-1/2"]
[WhiteElo "2603"]
[BlackElo "2552"]

1.d4 d5 2.c4 c6 3.Nf3 Nf6 4.e3 Bf5 5.cxd5 cxd5 6.Qb3 Qc7 7.Nc3 e6 8.Bd2 Nc6
9.Bb5 Be7 10.O-O O-O 11.Rfc1 Rfc8 12.Ne5 Rab8 13.Na4 Bd6 14.f4 Ne4 15.Qd1 Nxd2
16.Qxd2 Qa5 17.Qxa5 Nxa5 18.Kf2 Rc2+ 19.Rxc2 Bxc2 20.Nc5 a6 21.Rc1 Bxc5 22.dxc5 axb5
23.Rxc2 Ra8 24.c6 bxc6  1/2-1/2

[Event "TCh-NED 2009-10"]
[Site "Netherlands NED"]
[Date "2010.03.06"]
[Round "7"]
[White "Winants,L"]
[Black "Nikolic,Pr"]
[Result "1/2-1/2"]
[WhiteElo "2536"]
[BlackElo "2602"]

1.d4 d5 2.c4 c6 3.Nf3 Nf6 4.Nc3 dxc4 5.a4 Na6 6.e4 Bg4 7.Bxc4 Bxf3 8.gxf3 Nb4
9.Be3 e6 10.f4 Be7 11.O-O O-O 12.Qf3 Qa5 13.Rad1 Rad8 14.Kh1 Kh8 15.Rg1 Ne8
16.Rg3 Nc2 17.Qe2 Nxe3 18.fxe3 Bb4 19.Rg5 Qc7 20.Rdg1 Qe7 21.Na2 a5 22.Nc1 c5
23.d5 g6 24.Re5 Nd6 25.Ba2 Rfe8 26.Nd3 Qc7 27.Qc2 c4 28.Nf2 exd5 29.exd5 f6
30.Rxe8+ Rxe8 31.Ng4 Qe7 32.Bb1 Bc5 33.Re1 Nf7 34.e4 f5 35.Ne5 Nxe5 36.exf5 Qf6
37.fxe5 Rxe5 38.Rxe5 Qxe5 39.Qe4 Qxb2 40.fxg6 Qf6 41.Qe8+ Kg7 42.Qd7+ Be7
43.Kg2 hxg6 44.Qxb7 Kh6 45.Qd7 Qb2+ 46.Kg3 Qc3+ 47.Kg2 Qd2+ 48.Kg3 Qe1+ 49.Kg2 Bh4
50.Qg4 Qf2+ 51.Kh3 Bg5 52.Qe4 Qf1+ 53.Kg3 Qg1+ 54.Kf3 Qf1+ 55.Kg3 Qg1+  1/2-1/2

[Event "Bundesliga 2009-10"]
[Site "Tegel GER"]
[Date "2010.03.20"]
[Round "12"]
[White "Nikolic,Pr"]
[Black "Rabiega,R"]
[Result "1-0"]
[WhiteElo "2603"]
[BlackElo "2531"]

1.d4 d5 2.c4 Nc6 3.Nc3 dxc4 4.d5 Ne5 5.f4 Nd7 6.e4 Nb6 7.a4 a5 8.Be3 e6 9.Nf3 Bb4
10.Bxb6 cxb6 11.Bxc4 Nf6 12.Bb5+ Bd7 13.dxe6 fxe6 14.Bd3 Qc7 15.Qd2 Qc5 16.Ne5 O-O
17.Ke2 Be8 18.g4 Nd7 19.Nxd7 Bxd7 20.Rhf1 Rac8 21.Rac1 Qe7 22.Qe3 Bxc3 23.Rxc3 Qb4
24.Qd2 Qxa4 25.Ke3 e5 26.fxe5 Bxg4 27.Bc4+ Kh8 28.Rxf8+ Rxf8 29.Qd6 Qe8 30.e6 Rf3+
31.Kd4 Rxc3 32.Kxc3 b5 33.Bd5 h6 34.e7 Kh7 35.Kd4 Bh5 36.e5  1-0

[Event "TCh-NED 2009-10"]
[Site "Netherlands NED"]
[Date "2010.03.27"]
[Round "8"]
[White "Nikolic,Pr"]
[Black "Danielian,E"]
[Result "1-0"]
[WhiteElo "2602"]
[BlackElo "2499"]

1.d4 d5 2.c4 dxc4 3.e4 Nf6 4.e5 Nd5 5.Bxc4 Nb6 6.Bb3 Nc6 7.Ne2 Bf5 8.Nbc3 e6
9.a3 Qd7 10.O-O Be7 11.Be3 O-O-O 12.Na4 f6 13.exf6 Bxf6 14.Nc5 Qe7 15.Rc1 Rd6
16.Ba4 Rhd8 17.Bxc6 Rxc6 18.Ng3 Bg6 19.b4 Rcd6 20.Qf3 Rd5 21.Rfe1 Qf7 22.Bf4 c6
23.b5 Bxd4 24.Nxe6 Re8 25.Nc7 Rxe1+ 26.Rxe1 Rc5 27.bxc6 bxc6 28.Ne6 Rc3 29.Qg4 Qd7
30.Nf5 Bxf5 31.Qxf5 Bf6 32.Qxh7 Kb7 33.Qg8 Qc8 34.Qf7+ Qd7 35.Qf8 Be5 36.Bxe5 Qxe6
37.Bxc3  1-0

[Event "Bundesliga 2009-10"]
[Site "Bremen GER"]
[Date "2010.04.10"]
[Round "14"]
[White "Nikolic,Pr"]
[Black "Gashimov,V"]
[Result "0-1"]
[WhiteElo "2603"]
[BlackElo "2740"]

1.d4 Nf6 2.c4 e6 3.Nf3 c5 4.d5 d6 5.Nc3 exd5 6.cxd5 g6 7.g3 Bg7 8.Bg2 O-O
9.O-O Re8 10.Nd2 Nbd7 11.a4 b6 12.Nb5 Ne5 13.b3 a6 14.Nc3 Rb8 15.Rb1 b5 16.axb5 axb5
17.b4 Bf5 18.Rb3 Qd7 19.Bb2 Nc4 20.Bc1 Ne5 21.Bb2 Bh3 22.Ba1 c4 23.Ra3 Ra8
24.Rxa8 Rxa8 25.Bb2 h5 26.Ndb1 h4 27.Na3 Nh5 28.Qd2 Qg4 29.Qe3 hxg3 30.fxg3 f5
31.Ncxb5 f4 32.Qe4 Bxg2 33.Qxg2 fxg3 34.Nxd6 Nf4 35.Rxf4 Qxf4 36.Qxg3 Qxg3+
37.hxg3 c3 38.Bc1 Bh6  0-1

[Event "Bundesliga 2009-10"]
[Site "Bremen GER"]
[Date "2010.04.11"]
[Round "15"]
[White "Kempinski,R"]
[Black "Nikolic,Pr"]
[Result "1/2-1/2"]
[WhiteElo "2616"]
[BlackElo "2603"]

1.d4 d5 2.Nf3 Nf6 3.c4 dxc4 4.e3 e6 5.Bxc4 c5 6.Qe2 cxd4 7.exd4 Be7 8.O-O O-O
9.Nc3 Nbd7 10.d5 exd5 11.Nxd5 Nxd5 12.Bxd5 Nb6 13.Bb3 Bf6 14.Rd1 Qe8 15.Qxe8 Rxe8
16.Ng5 Bxg5 17.Bxg5 Be6 18.Bxe6 Rxe6 19.Rac1 Re2 20.Bd2 Rd8 21.Bc3 Rxd1+
22.Rxd1 f6 23.Kf1 Re7 24.Bd4 Rd7 25.Ke2 Nd5 26.Be3  1/2-1/2

[Event "TCh-NED 2009-10"]
[Site "Netherlands NED"]
[Date "2010.04.18"]
[Round "9"]
[White "Nikolic,Pr"]
[Black "Ondersteijn,N"]
[Result "1-0"]
[WhiteElo "2602"]
[BlackElo "2289"]

1.d4 Nf6 2.Nf3 g6 3.g3 Bg7 4.Bg2 c5 5.d5 d6 6.c4 O-O 7.O-O Na6 8.Nc3 Nc7
9.Re1 a6 10.a4 b6 11.e4 Rb8 12.Bf1 Bd7 13.e5 Ng4 14.exd6 exd6 15.Bf4 Ne8
16.h3 Ngf6 17.Qd2 Kh8 18.Ra2 Ng8 19.a5 b5 20.cxb5 axb5 21.a6 Qb6 22.a7 Ra8
23.Rea1 Nc7 24.Ne4 Nf6 25.Nxd6 Nfxd5 26.Ng5 Be6 27.Bg2 Bd4 28.Ra5 h6 29.Nxe6 fxe6
30.Be5+ Bxe5 31.Qxh6+ Kg8 32.Qxg6+ Bg7 33.Ra6 Rf6 34.Rxb6 Rxg6 35.Rb8+ Bf8
36.Nxb5  1-0

[Event "40th Bosna Open"]
[Site "Sarajevo BIH"]
[Date "2010.05.06"]
[Round "2"]
[White "Nikolic,Pr"]
[Black "Yagiz,Y"]
[Result "1/2-1/2"]
[WhiteElo "2602"]
[BlackElo "2234"]

1.d4 e6 2.Nf3 c5 3.c4 cxd4 4.Nxd4 d5 5.cxd5 Qxd5 6.e3 e5 7.Nc3 Qd8 8.Bb5+ Bd7
9.Nf5 Nc6 10.Nd6+ Bxd6 11.Qxd6 Nge7 12.b3 O-O 13.Bb2 Bg4 14.Qxd8 Rfxd8 15.f3 Bf5
16.Rd1 a6 17.Be2 Rxd1+ 18.Kxd1 Nb4 19.e4 Be6 20.Kc1 Rc8 21.Kb1 f6 22.Rd1 Kf7
23.Rd2 h5 24.Nd1 h4 25.Ne3 Ng6 26.Bf1 b5 27.Ba3 Nc6 28.Bc5 Nge7 29.Nc2 Ng6
30.Bf2 Ke7 31.Kb2 Rb8 32.Ne1 Rh8 33.Rc2 Bd7 34.Nd3 Be8 35.Rd2 Nf8 36.Nb4 Nxb4
37.Bc5+ Kf7 38.Bxb4 Nd7 39.Rd6 Nb8 40.Rb6 Bd7 41.h3 Rc8 42.Bd3 g5 43.Bc2 Nc6
44.Bc5 Nd8 45.Rd6 Rxc5 46.Rxd7+ Ke8 47.Ra7 Nc6 48.Ra8+ Kd7 49.Bb1 a5 50.a3 b4
51.Bd3 Kd6 52.Bc4 Ke7 53.Rc8 Kd7 54.Rf8 bxa3+ 55.Kxa3 Nd4 56.Rxf6 Nc2+ 57.Ka4 Ne3
58.Rg6 Nxg2 59.Bb5+ Ke7 60.Kxa5 Nf4 61.Rxg5 Nxh3 62.Rg4 Rc3 63.b4 Rxf3 64.Rxh4 Ng5
65.Rh5 Kf6 66.Bc6 Ra3+ 67.Kb6 Re3 68.Rh4 Rf3 69.b5 Rf4 70.Rh8 Kg7 71.Re8 Nxe4
72.Kc7 Rf7+ 73.Kb6 Nd6 74.Re6 Rf6 75.Re7+ Rf7 76.Re6 Rf6  1/2-1/2

[Event "40th Bosna Open"]
[Site "Sarajevo BIH"]
[Date "2010.05.12"]
[Round "8"]
[White "Nikolic,Pr"]
[Black "Jakovljevic,Vlado"]
[Result "1-0"]
[WhiteElo "2602"]
[BlackElo "2395"]

1.d4 d5 2.c4 c6 3.Nc3 Nf6 4.Nf3 dxc4 5.e3 b5 6.a4 b4 7.Nb1 Ba6 8.Be2 e6 9.O-O Be7
10.Nbd2 c3 11.bxc3 Bxe2 12.Qxe2 bxc3 13.Nb1 Qa5 14.Ba3 Bxa3 15.Rxa3 Nbd7
16.Rc1 O-O 17.Nxc3 Rab8 18.Qd2 Qa6 19.h3 Rfd8 20.Qa2 Rb6 21.a5 Rb4 22.Qe2 Qb7
23.Ne1 Rb3 24.Qa2 Rb8 25.Nd3 Rxa3 26.Qxa3 Qa6 27.Nb4 Qb7 28.Nca2 Rc8 29.Nd3 Qb5
30.Nc5 Nxc5 31.Qxc5 Qxc5 32.Rxc5 Nd7 33.Rc4 Kf8 34.Nb4 Nb8 35.e4 Ke7 36.f4 f6
37.Kf2 Kd7 38.Ke3 Rc7 39.a6 Rc8 40.g4 Kc7 41.Rc1 Kb6 42.f5 exf5 43.gxf5 Nxa6
44.Nd5+ Kb7 45.Rb1+ Ka8 46.Nf4 Nc7 47.Rg1 Rg8 48.Ne6 Kb7 49.Nxg7 Kc8 50.Rg4 c5
51.dxc5 Kd7 52.Nh5 Rf8 53.Rg7+ Kc6 54.Nf4 Rb8 55.Rf7 a5 56.Nd3 a4 57.Rxf6+ Kb5
58.Rf7 Na6 59.Ra7 a3 60.Nc1 Rd8 61.f6 Nxc5 62.Rxa3 Rd1 63.Nd3 Nd7 64.e5 Rf1
65.Ra7  1-0

[Event "4th LCT"]
[Site "Leiden NED"]
[Date "2010.07.09"]
[Round "1"]
[White "Klop,Tjomme"]
[Black "Nikolic,Pr"]
[Result "0-1"]
[WhiteElo "2062"]
[BlackElo "2592"]

1.d4 d6 2.c4 f5 3.Nf3 g6 4.g3 Bg7 5.Bg2 Nf6 6.O-O O-O 7.Nc3 a5 8.d5 Na6 9.Be3 Bd7
10.Bd4 c5 11.dxc6 bxc6 12.e4 e5 13.Be3 fxe4 14.Ng5 Bg4 15.Qa4 d5 16.cxd5 cxd5
17.Nxd5 Qxd5 18.Nxe4 Nxe4 19.Bxe4 Qe6 20.Bxa8 Rxa8 21.Qe4 Rf8 22.Rac1 Bf3
23.Qh4 e4 24.b3 Nb4 25.Rc7 h5 26.Rfc1 Bf6 27.Bg5 Bb2 28.Rb1 Bd4 29.Be3 Bxe3
30.fxe3 Qb6  0-1

[Event "4th LCT"]
[Site "Leiden NED"]
[Date "2010.07.10"]
[Round "2"]
[White "Nikolic,Pr"]
[Black "Van der Velden,B"]
[Result "1-0"]
[WhiteElo "2592"]
[BlackElo "2177"]

1.Nf3 Nf6 2.g3 g6 3.Bg2 Bg7 4.c4 d6 5.d4 Nbd7 6.O-O O-O 7.Nc3 e5 8.e4 exd4
9.Nxd4 Re8 10.Be3 a6 11.h3 Rb8 12.a4 Ne5 13.b3 Bd7 14.a5 c5 15.Nde2 Qc7 16.Ra2 Be6
17.Nd5 Bxd5 18.cxd5 b5 19.axb6 Rxb6 20.Nc1 Ned7 21.Qc2 Qb7 22.Re1 h5 23.Bd2 Qb8
24.Ra4 h4 25.g4 Qc8 26.Nd3 Ne5 27.Nxe5 Rxe5 28.f4 Re8 29.e5 Nd7 30.e6 Nf6
31.f5 Qb8 32.g5 Nh5 33.f6 Nxf6 34.gxf6 Bxf6 35.Rg4  1-0

[Event "4th LCT"]
[Site "Leiden NED"]
[Date "2010.07.11"]
[Round "3"]
[White "Kaufman,R"]
[Black "Nikolic,Pr"]
[Result "0-1"]
[WhiteElo "2333"]
[BlackElo "2592"]

1.d4 d5 2.c4 dxc4 3.e4 Nf6 4.e5 Nd5 5.Bxc4 Nb6 6.Bd3 Nc6 7.Be3 Be6 8.Nc3 Bd5
9.Nxd5 Qxd5 10.Nf3 Nb4 11.Be2 Qd7 12.O-O e6 13.Ng5 Be7 14.Ne4 O-O-O 15.Rc1 Kb8
16.a3 N4d5 17.b4 c6 18.Qb3 f5 19.Nc5 Bxc5 20.bxc5 Nxe3 21.fxe3 Nd5 22.Rb1 Ka8
23.Bf3 Rb8 24.Rfc1 Rhc8 25.e4 Nc7 26.Qa4 Rd8 27.Rc4 g5 28.exf5 exf5 29.Rxb7 Rxb7
30.Bxc6 Qe6 31.Rb4 Rb8 32.Rb1 g4 33.d5 Nxd5 34.Qb5 Qxc6 35.Qxc6 Ne7 36.Qe6 Rxb1+
37.Kf2 R1b7 38.Ke3 Rd8 39.Kf4 Rc7 40.Kg5 Rd5 41.c6 Rc5  0-1

[Event "4th LCT"]
[Site "Leiden NED"]
[Date "2010.07.13"]
[Round "5"]
[White "Van den Doel,E"]
[Black "Nikolic,Pr"]
[Result "1/2-1/2"]
[WhiteElo "2591"]
[BlackElo "2592"]

1.e4 e5 2.Nf3 Nc6 3.Bb5 a6 4.Ba4 Nf6 5.O-O Be7 6.Re1 b5 7.Bb3 d6 8.c3 O-O
9.d4 Bg4 10.Be3 Re8 11.h3 Bxf3 12.Qxf3 Na5 13.Nd2 Nxb3 14.Nxb3 c6 15.dxe5 dxe5  1/2-1/2

[Event "4th LCT"]
[Site "Leiden NED"]
[Date "2010.07.16"]
[Round "7"]
[White "Tiviakov,S"]
[Black "Nikolic,Pr"]
[Result "1/2-1/2"]
[WhiteElo "2623"]
[BlackElo "2592"]

1.e4 e5 2.Nf3 Nc6 3.Bc4 Nf6 4.Ng5 d5 5.exd5 Na5 6.Bb5+ c6 7.dxc6 bxc6 8.Be2 h6
9.Nf3 e4 10.Ne5 Bc5 11.c3 Bd6 12.d4 exd3 13.Nxd3 O-O 14.O-O Bf5 15.b4 Re8
16.Ne1 Nd5 17.Bd3 Bxd3 18.Nxd3 Nc4 19.Qg4 Ne5 20.Nxe5 Bxe5 21.a3 Qd6  1/2-1/2

[Event "Schachbundesliga 2010-11"]
[Site "Solingen GER"]
[Date "2010.11.13"]
[Round "3"]
[White "Nikolic,Pr"]
[Black "Feygin,M"]
[Result "1-0"]
[WhiteElo "2597"]
[BlackElo "2526"]

1.d4 e6 2.c4 Nf6 3.Nf3 c5 4.d5 exd5 5.cxd5 d6 6.Nc3 g6 7.g3 Bg7 8.Bg2 O-O
9.O-O a6 10.a4 Nbd7 11.Bf4 Qe7 12.h3 Nh5 13.Bg5 Bf6 14.Bd2 Ne5 15.g4 Nxf3+
16.exf3 Ng7 17.Re1 Qd8 18.Rb1 Ne8 19.b4 b6 20.Ne4 Bg7 21.bxc5 bxc5 22.a5 h6
23.Rb6 f5 24.Ng3 Ra7 25.Bf1 Raf7 26.gxf5 Bxf5 27.Qb3 Bc8 28.f4 g5 29.f5 Bxf5
30.Rb8 Qd7 31.Bxa6 Nc7 32.Rxf8+ Rxf8 33.Bf1 Bxh3 34.Bxh3 Qxh3 35.Re7 Qc8
36.Bc3 Rf7 37.Rxf7 Kxf7 38.Bxg7 Kxg7 39.Qc3+ Kg6 40.Qd3+ Kf6 41.Qf3+ Ke7
42.Nf5+ Kd7 43.Nxh6 Qa8 44.Qf5+ Ke8 45.Qf7+ Kd8 46.Nf5 Qxa5 47.Qe7+ Kc8 48.Nxd6+ Kb8
49.Kh2 g4 50.Qd8+ Ka7 51.Nc4  1-0

[Event "Schachbundesliga 2010-11"]
[Site "Solingen GER"]
[Date "2010.11.14"]
[Round "4"]
[White "Nikolic,Pr"]
[Black "Lahno,Kateri"]
[Result "1/2-1/2"]
[WhiteElo "2597"]
[BlackElo "2539"]

1.d4 Nf6 2.Nf3 g6 3.g3 Bg7 4.Bg2 c5 5.d5 d6 6.c4 b5 7.cxb5 Qa5+ 8.Bd2 Qxb5
9.Nc3 Qb6 10.O-O O-O 11.e4 Nbd7 12.Qc2 Ba6 13.Rfe1 Ng4 14.Na4 Qb7 15.Bc3 Nge5
16.Rad1 Nxf3+ 17.Bxf3 Ne5 18.Be2 Bxe2 19.Qxe2 a6 20.b3 Qb5 21.Kg2 Qxe2 22.Rxe2 Nd7
23.Bxg7 Kxg7 24.f4 Rab8 25.e5 Nb6 26.Nc3 Rfd8 27.h4 a5 28.Re4 h5 29.exd6 exd6
30.f5 gxf5 31.Rf4 Re8 32.Rxf5 Nd7 33.Rdf1 f6 34.R5f4 Rb4 35.Rxb4 axb4 36.Nb5 Re5
37.Nxd6 Rxd5 38.Ne4 Kg6  1/2-1/2